| 000 | 00401nam a22001337a 4500 | ||
|---|---|---|---|
| 020 | _a9780367027513 | ||
| 082 | _a340 | ||
| 100 | _aDavid Campbell and Philip Thomas Editors | ||
| 245 |
_aThe province of jurisprudence determined by John Austin _c Campbell, David, |
||
| 260 |
_aLondon _bRoutledge _c2018 |
||
| 300 | _a261p | ||
| 942 |
_2ddc _cBK |
||
| 999 |
_c586591 _d586591 |
||